Villes des Aventuriers du Rail - France 🇫🇷 - Statistiques

Statistiques générales
  • Ce quiz a Ă©tĂ© pris 28 fois
  • Le rĂ©sultat moyen est 30 sur 42
Statistiques - réponses
Régions Ville % Correct
Alsace Strasbourg
96%
Aquitaine Bordeaux
89%
ĂŽle-de-France Paris
85%
Bretagne Rennes
85%
Midi-Pyrénées Toulouse
85%
Bretagne Brest
81%
Auvergne Clermont-Ferrand
81%
Limousin Limoges
81%
RhĂ´ne-Alpes Lyon
81%
Provence-Alpes-CĂ´te d'Azur Marseille
81%
Languedoc-Roussillon Montpellier
81%
Provence-Alpes-CĂ´te d'Azur Nice
81%
Centre Val-de-Loire Orléans
81%
Aquitaine Pau
81%
Bourgogne Dijon
78%
Nord-Pas-de-Calais Lille
78%
Alsace Mulhouse
78%
Pays-de-la-Loire Nantes
78%
Centre Val-de-Loire Tours
78%
RhĂ´ne-Alpes Grenoble
74%
Normandie Le Havre
74%
Bretagne Lorient
74%
Lorraine Metz
74%
Poitou-Charentes Poitiers
74%
Champagne-Ardennes Reims
74%
Normandie Rouen
74%
Picardie Amiens
70%
Lorraine Nancy
70%
Languedoc-Roussillon Perpignan
70%
Bretagne Saint-Malo
70%
Pays-de-la-Loire Angers
67%
Aquitaine Bayonne
67%
Poitou-Charentes La Rochelle
67%
Nord-Pas-de-Calais Calais
63%
Provence-Alpes-CĂ´te d'Azur Avignon
59%
Franche-Comté Besançon
59%
Normandie Cherbourg
59%
Pays-de-la-Loire Le Mans
59%
Centre Val-de-Loire Bourges
52%
Limousin Brive-la-Gaillarde
52%
Midi-Pyrénées Rodez
48%
Provence-Alpes-Côte d'Azur Briançon
19%
Aucun quiz correspondant
Distribution des résultats
% des personnes avec chaque résultat
Percentile par nombre de réponses
Votre historique - résultats
Vous n’avez pas pris ce quiz